| 000 | 00811nam a2200205 a 4500 | ||
|---|---|---|---|
| 001 | 000027979 | ||
| 003 | AM-YEHGA | ||
| 005 | 20250618070915.0 | ||
| 008 | 980324s1967 ai | ||||| |||||||arm c | ||
| 040 | _aAM-YeHGA | ||
| 041 | 0 | _aarm | |
| 245 | 1 | 0 |
_aՇահնամեն և հայկական աղբյուրները : _b[Հայ և իրանական էպոսների ուսումնասիրություն] / _cԱվ.Հ. Շահսուվարյան ; Խմբ.՝ Ս.Հ. Ումառյան. |
| 260 |
_aԵրևան : _bՀայաստան, _c1967. |
||
| 300 |
_a190 էջ ; _c17 սմ. |
||
| 500 | _aՏողատակի ծանոթագր. | ||
| 650 | 1 | 4 |
_aԳրականագիտություն _xԷպոս |
| 700 | 1 |
_aՈւմառյան, Սերգեյ Հովհաննեսի, _d1920-1995 _eխմբ. _4edt _92472 |
|
| 942 |
_2udc _cBK |
||
| 090 | _c12297 | ||
| 999 |
_c12201 _d12201 |
||